|
|
|
|
| LEADER |
00000nam0a2200000 4500 |
| 001 |
14223 |
| 005 |
20231030185503.0 |
| 010 |
|
|
|a 5819800079
|
| 035 |
|
|
|a (RuTPU)RU\TPU\book\14314
|
| 035 |
|
|
|a BOOK00014383
|
| 090 |
|
|
|a 14223
|
| 100 |
|
|
|a 20011209d1999 m y0rusy50 ca
|
| 101 |
0 |
|
|a rus
|
| 102 |
|
|
|a RU
|
| 105 |
|
|
|a y z 000zy
|
| 200 |
1 |
|
|a Менеджмент качества и обеспечение качества продукции на основе международных стандартов ИСО
|f М. З. Свиткин, В. Д. Мацута, К. М. Рахлин
|
| 205 |
|
|
|a 2-е изд., доп. и перераб.
|
| 210 |
|
|
|a СПб.
|d 1999
|
| 215 |
|
|
|a 403 с.
|
| 610 |
1 |
|
|a продукция
|
| 610 |
1 |
|
|a качество
|
| 610 |
1 |
|
|a менеджмент
|
| 610 |
1 |
|
|a стандарты
|
| 610 |
1 |
|
|a ИСО
|
| 675 |
|
|
|a 658.562
|v 3
|
| 700 |
|
1 |
|a Свиткин
|b М. З.
|g Михаил Захарович
|
| 701 |
|
1 |
|a Мацута
|b В. Д.
|g Владимир Дмитриевич
|
| 701 |
|
1 |
|a Рахлин
|b К. М.
|g Ким Моисеевич
|
| 801 |
|
0 |
|a RU
|b 63413507
|c 20011209
|g PSBO
|
| 801 |
|
2 |
|a RU
|b 63413507
|c 20141031
|g PSBO
|
| 942 |
|
|
|c BK
|